Normal view
MARC view
- اعداد: نائب،ابراهيم ، انعام باقية
Entry Personal Name
001 - CONTROL NUMBER
- control field: 33786
003 - CONTROL NUMBER IDENTIFIER
- control field: JO-AjAnu
005 - DATE AND TIME OF LATEST TRANSACTION
- control field: 20230606075650.0
008 - FIXED-LENGTH DATA ELEMENTS
- fixed length control field: 230606|| aca||aabn | a|a d
040 ## - CATALOGING SOURCE
- Original cataloging agency: JO-AjAnu
- Transcribing agency: JO-AjAnu
100 ## - HEADING--PERSONAL NAME
- Personal name: اعداد: نائب،ابراهيم ، انعام باقية
670 ## - SOURCE DATA FOUND
- Source citation: Work cat.: (JO-AjAnu)17354: اعداد: نائب،ابراهيم ، انعام باقية, author, تطبيقات حاسوبية في العلوم المالية والمصرفية